Kaupunkeja laattavalinta - Statistics

Yleistilastot
  • Tätä visaa on pelattu 42 kertaa
  • Keskiarvotulos 39 / 45
Vastaustilastot
Kysymys Laatta Select % Oikein
Venäjän kaupungit Den hakesburg Ei
100%
Espanjan kaupungit Dresden Ei
100%
Ranskan kaupungit Haag Ei
100%
Espanjan kaupungit Hannover Ei
100%
Espanjan kaupungit Kevinsburg Ei
100%
Brasilian kaupungit Malmö Ei
100%
Ranskan kaupungit Mumbai Ei
100%
Ranskan kaupungit Dresden Ei
97%
Venäjän kaupungit Kilenburg Ei
97%
Espanjan kaupungit Madrid Kyllä
97%
Ranskan kaupungit Marseille Kyllä
97%
Venäjän kaupungit Moskova Kyllä
97%
Ranskan kaupungit New Delhi Ei
97%
Venäjän kaupungit Pietari Kyllä
97%
Brasilian kaupungit Santiago De Chile Ei
97%
Brasilian kaupungit Washington Ei
97%
Brasilian kaupungit Bogota Ei
95%
Brasilian kaupungit Brasilia Kyllä
95%
Saksan kaupungit Hampuri Kyllä
95%
Venäjän kaupungit Kiova Ei
95%
Espanjan kaupungit Sevilla Kyllä
95%
Ranskan kaupungit Toulouse Kyllä
95%
Saksan kaupungit Birmingham Ei
92%
Ranskan kaupungit Genk Ei
92%
Venäjän kaupungit Vladivostok Kyllä
92%
Saksan kaupungit Lens Ei
89%
Saksan kaupungit Manchester Ei
89%
Brasilian kaupungit Sao paulo Kyllä
89%
Saksan kaupungit Odense Ei
86%
Espanjan kaupungit Bilbao Kyllä
81%
Brasilian kaupungit Buenos aires Ei
81%
Ranskan kaupungit Dijon Kyllä
81%
Espanjan kaupungit Valletta Ei
81%
Saksan kaupungit Augsburg Kyllä
76%
Saksan kaupungit Dresden Kyllä
76%
Venäjän kaupungit Krimspol Ei
76%
Venäjän kaupungit Sotsi Kyllä
76%
Espanjan kaupungit La vella Ei
68%
Espanjan kaupungit Zaragoza Kyllä
68%
Ranskan kaupungit Lens Kyllä
65%
Saksan kaupungit Duisburg Kyllä
62%
Brasilian kaupungit Sao Goncalo Kyllä
59%
Brasilian kaupungit Maceio Kyllä
51%
Saksan kaupungit Deutschburg Ei
49%
Venäjän kaupungit Sevastopol Ei
43%
Ehtoja vastaavia visoja ei löytynyt
Tulosjakauma
Jokaisen tuloksen saaneiden osuus
Persentiili vastausten määrän mukaan
Tuloshistoriasi
Et ole pelannut tätä visaa